000 00497nam a2200181Ia 4500
005 20250508163130.0
008 008 250505s9999 xx 000 0 eng d
037 _aTextual
040 _aFEDL
_beng
_cFEDL
041 _aeng
_2eng
084 _a294.5, COO
_qFEDL
100 _aCoomaraswamy Ananda K.
245 0 _aNew approach to the vedas
260 _aDelhi, India
_bAparna Publications
_c1985
300 _aix,116p.
942 _cTEXL
_h294.5, COO
999 _c1381034
_d1381034